<?xml version="1.0" encoding="UTF-8"?>
<marc:record xmlns:marc="http://www.loc.gov/MARC21/slim">
   <marc:leader>00000nam a2200000 a 4500</marc:leader>
   <marc:datafield ind1="1" ind2=" " tag="100">
      <marc:subfield code="a">Stern, Anne</marc:subfield>
      <marc:subfield code="4">aut</marc:subfield>
      <marc:subfield code="e">Verfasser/-in</marc:subfield>
   </marc:datafield>
   <marc:datafield ind1="0" ind2="0" tag="245">
      <marc:subfield code="a">Fräulein Gold - Die rote Insel</marc:subfield>
   </marc:datafield>
   <marc:datafield ind1="0" ind2="0" tag="245">
      <marc:subfield code="b">Die Hebamme von Berlin - Band 5</marc:subfield>
   </marc:datafield>
   <marc:datafield ind1=" " ind2="1" tag="264">
      <marc:subfield code="b">Kiepenheuer &amp; Witsch Verlag</marc:subfield>
      <marc:subfield code="c">2022</marc:subfield>
   </marc:datafield>
   <marc:datafield ind1="1" ind2=" " tag="520">
      <marc:subfield code="a">     

Hulda Gold ist Hebamme, Seelentrösterin, engagierte Kämpferin gegen das Unrecht. Aber wer hilft ihr in größter Not?

Berlin, 1926. Hulda Gold musste ihre Stelle als Hebamme in der Frauenklinik aufgegeben und lebt nun in einem Arbeiterviertel fern von ihrem alten Kiez. Hier auf der sogenannten Roten Insel kann sie in der Praxis von Grete Fischer mitarbeiten. Gemeinsam kümmern sich die beiden Frauen um Menschen, die täglich gegen Armut und Not kämpfen - während in ganz Berlin die politischen Spannungen zunehmen. Immer wieder kommt es zu Konflikten zwischen Kommunisten, Anhängern der nationalsozialistischen Bewegung und den Ringvereinen. Auch das Viertel auf der Roten Insel ist von den Unruhen geprägt. Grete, die einer kommunistischen Gruppe anhängt, scheint es mit dem Gesetz nicht so genau zu nehmen. Als sich die brodelnde Stimmung in handfeste Gewalt entlädt, gerät Hulda zwischen alle Fronten. Und sie muss sich der größten Bewährungsprobe ihres Lebens stellen.

Teil 5 der Erfolgsreihe: Jeder Band ein Spiegel-Bestseller. Jeder Band ein großes Lesevergnügen!

</marc:subfield>
   </marc:datafield>
   <marc:datafield ind1=" " ind2=" " tag="020">
      <marc:subfield code="a">9783499009167</marc:subfield>
      <marc:subfield code="9">9783499009167</marc:subfield>
   </marc:datafield>
</marc:record>
